| 000 | 00469nam a2200169Ia 4500 | ||
|---|---|---|---|
| 001 | 62526 | ||
| 008 | 171025n ii |||gr||||Z||||||465 | ||
| 020 | _a978-81-317-6963-8 | ||
| 082 | _a320.011 | ||
| 100 |
_aAbbas, Hovyeda, _eAuthor. |
||
| 245 | 0 |
_aPolitical Theory _cHovyeda Abbas & Ranjay Kumar _hTextual Documents |
|
| 260 |
_aIndia _bDorling Kindersley Limited |
||
| 300 |
_a296p: _c24cm. |
||
| 653 | _aPolitical Theory | ||
| 653 | _aPG - Pol.Sc | ||
| 942 |
_2ddc _cBK |
||
| 999 |
_c63633 _d63633 |
||